00825nam a22002537a 45000010005000000030006000050050017000110080041000280200018000690400029000870500018001160820012001341000020001462450103001662600037002693000049003065050008003555200074003635210020004375210020004576500034004776500028005117000032005398423FISKH20260128105247.0250911b cb ||||| |||| 00| 0 eng d a9780590207195 aFISKHbengcFISKHdFISKH aLT4221.5 .B46 a621.388 aBendick, Jeanne aEureak ! it's television ! / cBy Jeanne Bendick and Robert Bendick : illustrated by Sal Murdocca  aNew York : bScholastic ,c1993. a48 pages : bcolor illustrations ;c24 cm .  aN  aDiscusses how a television works and the history of its development. 8 a570 bLexile 8 aN bRaz-Plus  aPhysical sciencevNon-fiction aTechnologyvNon-fiction aMurdocca, SaleIllustrator